[Event "Madrid Chamartin op 7th"]
[Site "Madrid"]
[Date "2018.09.09"]
[Round "9"]
[White "Benito Ruiz de Villa, Rafael"]
[Black "Lopez Garcia, Rafael"]
[Result "1-0"]
[WhiteElo "1654"]
[BlackElo "1432"]
[PlyCount "29"]
[EventDate "2018.09.03"]
[EventType "swiss"]
[EventRounds "9"]
[EventCountry "ESP"]
[SourceTitle "CBM 187 Extra"]
[Source "ChessBase"]
[SourceDate "2018.11.04"]
[SourceVersion "1"]
[SourceVersionDate "2018.11.04"]
[SourceQuality "1"]

1. e4 e5 2. Nf3 Nc6 3. Bc4 Bc5 4. c3 Nf6 5. d4 exd4 6. e5 Qe7 7. cxd4 d5 8. 0-0 dxc4 9. exf6 Qxf6 10. dxc5 0-0 11. Nc3 Bg4 12. h3 Bh5 13. Be3 Ne5 14. Nd5 Qg6 15. Ne7+ 1-0

[Event "Madrid Chamartin op 7th"]
[Site "Madrid"]
[Date "2018.09.06"]
[Round "6"]
[White "Osuna Osuna, Francisco"]
[Black "Lopez Garcia, Rafael"]
[Result "1/2-1/2"]
[WhiteElo "1513"]
[BlackElo "1432"]
[PlyCount "95"]
[EventDate "2018.09.03"]
[EventType "swiss"]
[EventRounds "9"]
[EventCountry "ESP"]
[SourceTitle "CBM 187 Extra"]
[Source "ChessBase"]
[SourceDate "2018.11.04"]
[SourceVersion "1"]
[SourceVersionDate "2018.11.04"]
[SourceQuality "1"]

1. e4 e5 2. Nf3 Nc6 3. Bc4 Bc5 4. d3 Nf6 5. Nc3 0-0 6. Bg5 Na5 7. Nd5 Nxc4 8. dxc4 Bxf2+ 9. Kf1 Bd4 10. Nxd4 exd4 11. Qxd4 c5 12. Nxf6+ gxf6 13. Qxf6 Qxf6+ 14. Bxf6 d6 15. Rd1 Be6 16. b3 h6 17. Rxd6 Kh7 18. Kf2 Rg8 19. Rhd1 Rg6 20. e5 Rg4 21. Rd8 Rg8 22. Rxa8 Rxa8 23. Rd8 Rxd8 24. Bxd8 a6 25. Bb6 Bf5 26. c3 Bb1 27. a3 Ba2 28. b4 cxb4 29. cxb4 Bxc4 30. Bd8 Kg6 31. Ke3 Bb5 32. Kd4 Kf5 33. Bc7 f6 34. exf6 Kxf6 35. Bf4 h5 36. h3 Bf1 37. g4 hxg4 38. hxg4 Bb5 39. g5+ Kg6 40. Kc5 Kf5 41. Bd2 Bc6 42. Kb6 Bd5 43. a4 Bc6 44. a5 Be4 45. Kc5 Bc6 46. Kd6 Be4 47. Ke7 Kg6 48. Kf8 1/2-1/2

[Event "Tres Cantos op 10th"]
[Site "Tres Cantos"]
[Date "2018.06.21"]
[Round "1.34"]
[White "Lopez Garcia, Rafael"]
[Black "Camarero Izquierdo, Juan Carlos"]
[Result "0-1"]
[WhiteElo "1432"]
[BlackElo "1907"]
[PlyCount "108"]
[EventDate "2018.06.21"]
[EventType "swiss"]
[EventRounds "9"]
[EventCountry "ESP"]
[SourceTitle "EXT 2024"]
[Source "ChessBase"]
[SourceDate "2023.10.10"]
[SourceVersion "1"]
[SourceVersionDate "2023.10.10"]
[SourceQuality "1"]

1. e4 c5 2. Nf3 d6 3. d4 cxd4 4. Nxd4 Nf6 5. Nc3 a6 6. Bc4 e6 7. Be3 b5 8. Bb3 b4 9. Na4 Nxe4 10. 0-0 Be7 11. Qg4 Ng5 12. f4 e5 13. Nf5 g6 14. fxg5 Bxf5 15. Qg3 Nd7 16. Rad1 0-0 17. Qh4 Rc8 18. Rxf5 gxf5 19. Qh6 Kh8 20. c3 f4 21. Bf2 Rg8 22. h4 Rg6 23. Qh5 f6 24. Bc2 Rg7 25. gxf6 Nxf6 26. Qf5 Qg8 27. Be4 d5 28. Bxd5 Nxd5 29. Rxd5 Rxg2+ 30. Kf1 Rxf2+ 31. Kxf2 Bxh4+ 32. Kf1 Qxd5 33. Qxc8+ Bd8 34. Nc5 bxc3 35. bxc3 Qf3+ 36. Ke1 Qxc3+ 37. Kd1 Qa1+ 38. Ke2 Qxa2+ 39. Kf3 Qa3+ 40. Ke4 Qe3+ 41. Kd5 Qd4+ 42. Kc6 f3 43. Qf5 Be7 44. Ne6 Qd6+ 45. Kb7 f2 46. Qf7 Qxe6 47. Qxe6 f1Q 48. Qxe7 Qb5+ 49. Ka7 Kg8 50. Qe6+ Kg7 51. Qg4+ Kf8 52. Qf5+ Ke8 53. Qe6+ Kd8 54. Qd6+ Qd7+ 0-1

[Event "Madrid Tajamar Easter op-B"]
[Site "Madrid"]
[Date "2018.03.27"]
[Round "7"]
[White "Lopez Garcia, Rafael"]
[Black "Reyero Castro, Jorge"]
[Result "1-0"]
[WhiteElo "1430"]
[BlackElo "1133"]
[PlyCount "71"]
[EventDate "2018.03.22"]
[EventType "swiss"]
[EventRounds "7"]
[EventCountry "ESP"]
[SourceTitle "EXT 2019"]
[Source "ChessBase"]
[SourceDate "2018.10.10"]
[SourceVersion "1"]
[SourceVersionDate "2018.10.10"]
[SourceQuality "1"]

1. e4 e5 2. f4 d6 3. Nf3 Nc6 4. Bc4 Nf6 5. Nc3 Bg4 6. 0-0 Nd4 7. fxe5 Bxf3 8. Rxf3 Nxf3+ 9. Qxf3 dxe5 10. d3 Bc5+ 11. Kh1 h6 12. Bd2 0-0 13. Rf1 Qd7 14. h3 c6 15. a4 a6 16. Ne2 Bb6 17. Ba2 Bd4 18. Bxh6 Qd6 19. Bxg7 Kxg7 20. Qg3+ Kh6 21. Rf5 Rg8 22. Qh4+ Kg7 23. Qg5+ Kf8 24. Qh6+ Ke7 25. c3 Rh8 26. Qg7 Rh7 27. Qg3 Rg8 28. Qf3 Bb6 29. Ng3 Rgh8 30. Rg5 Rg8 31. Nf5+ Kd7 32. Nxd6 Rxg5 33. Qxf6 Rhg7 34. Bxf7 Rxg2 35. Qe6+ Kc7 36. Qe7+ 1-0

[Event "Madrid Chamartin op 6th"]
[Site "Madrid"]
[Date "2017.09.08"]
[Round "7"]
[White "Ferrando Marti, Roberto"]
[Black "Lopez Garcia, Rafael"]
[Result "1-0"]
[WhiteElo "1552"]
[BlackElo "1392"]
[PlyCount "85"]
[EventDate "2017.09.04"]
[EventType "swiss"]
[EventRounds "9"]
[EventCountry "ESP"]
[SourceTitle "CBM 180 Extra"]
[Source "ChessBase"]
[SourceDate "2017.10.06"]
[SourceVersion "1"]
[SourceVersionDate "2017.10.06"]
[SourceQuality "1"]

1. e4 c5 2. Nc3 Nc6 3. g3 e5 4. Bg2 Nf6 5. d3 g6 6. Nge2 Bg7 7. 0-0 0-0 8. Bd2 d6 9. f4 Bg4 10. h3 Bd7 11. f5 Qc8 12. g4 h6 13. Qc1 Kh7 14. Nd5 Nxd5 15. exd5 gxf5 16. dxc6 bxc6 17. gxf5 Bxf5 18. Rxf5 d5 19. Rh5 Qe6 20. Qf1 f5 21. b4 Qg6 22. Rh4 Rf6 23. bxc5 Raf8 24. d4 R6f7 25. dxe5 Qe6 26. Re1 Qe7 27. Qf4 Bxe5 28. Qxh6+ Kg8 29. Qg5+ Qxg5 30. Bxg5 f4 31. Bf3 Rg7 32. Rg4 Kh7 33. Kh1 Rb7 34. Nxf4 Bd4 35. Rh4+ Kg8 36. Ne6 Rxf3 37. Nxd4 Rff7 38. Re8+ Kg7 39. Re1 Kg6 40. Rg1 Rfd7 41. Bd8+ Kf7 42. Rf4+ Ke8 43. Rg8# 1-0